00250nam a2200109Ia 4500008004100000100001500041245003100056260000900087650002000096942000700116999001700123190216s9999||||xx |||||||||||||| ||und|| aK K N Nair 0aYugangalum Presthanangalum bNull aEssay Malayalam cBK c25040d25040